000
00299nam a22001337a 4500
008
170331b xxu||||| |||| 00| 0 eng d
020
_a
9780131108417
041
_a
eng
080
_2
2ND
_a
616-053.2
100
_a
8
101
_a
SHM
245
_a
CHILD DEVELOPMENT
_c
MCDEVIT, T.M
942
_2
udc
_c
BK
999
_c
9237
_d
9237